Andaz-e-Beyan / (Record no. 528874)

000 -LEADER
fixed length control field 00429nam a22001697a 4500
003 - CONTROL NUMBER IDENTIFIER
control field NUST
020 ## - INTERNATIONAL STANDARD BOOK NUMBER
Qualifying information H/B.
038 ## - RECORD CONTENT LICENSOR
Staff Name waseem
082 ## - DEWEY DECIMAL CLASSIFICATION NUMBER
Classification number 891.4391
Author Mark BAN
100 ## - MAIN ENTRY--PERSONAL NAME
Personal name Bano, Shanaz
9 (RLIN) 20689
245 ## - TITLE STATEMENT
Title Andaz-e-Beyan /
Statement of responsibility, etc. Shanaz Bano
260 ## - PUBLICATION, DISTRIBUTION, ETC.
Place of publication, distribution, etc. Karachi :
Name of publisher, distributor, etc. Agai Matobate,
Date of publication, distribution, etc. 2015.
300 ## - PHYSICAL DESCRIPTION
Extent 144 p. ;
880 ## - ALTERNATE GRAPHIC REPRESENTATION
Linkage 100-01\r
Title شہناز بانو
880 ## - ALTERNATE GRAPHIC REPRESENTATION
Linkage 245-02\r
Title اندازِبیان اور /
942 ## - ADDED ENTRY ELEMENTS (KOHA)
Source of classification or shelving scheme
Koha item type Book
Holdings
Withdrawn status Lost status Source of classification or shelving scheme Damaged status Not for loan Permanent Location Current Location Shelving location Date acquired Source of acquisition Total Checkouts Full call number Barcode Date last seen Price effective from Koha item type Date last checked out
          Central Library (CL) Central Library (CL) Urdu Literature 09/15/2019 Donation   891.4391 BAN CL-D-551 09/15/2019 09/15/2019 Book  
          Central Library (CL) Central Library (CL) Urdu Literature 09/15/2019 Donation   891.4391 BAN CL-D-552 02/16/2021 09/15/2019 Book  
          Central Library (CL) Central Library (CL) Urdu Literature 09/15/2019 Donation   891.4391 BAN CL-D-553 02/16/2021 09/15/2019 Book  
          Central Library (CL) Central Library (CL) Urdu Literature 09/15/2019 Donation   891.4391 BAN CL-D-554 09/15/2019 09/15/2019 Book  
          Central Library (CL) Central Library (CL) Urdu Literature 09/15/2019 Donation   891.4391 BAN CL-D-555 09/11/2025 09/15/2019 Book  
          Central Library (CL) Central Library (CL) Urdu Literature 09/15/2019 Donation 1 891.4391 BAN CL-D-556 01/18/2024 09/15/2019 Book 01/15/2024
          Central Library (CL) Central Library (CL) Urdu Literature 09/15/2019 Donation   891.4391 BAN CL-D-557 02/16/2021 09/15/2019 Book  
          Central Library (CL) Central Library (CL) Urdu Literature 09/15/2019 Donation   891.4391 BAN CL-D-558 02/16/2021 09/15/2019 Book  
          Central Library (CL) Central Library (CL) Urdu Literature 09/15/2019 Donation 1 891.4391 BAN CL-D-559 12/01/2025 09/15/2019 Book 11/15/2025
© 2023 Central Library, National University of Sciences and Technology. All Rights Reserved.